| 000 | 00593cas a22001935a 4500 | ||
|---|---|---|---|
| 001 | L131002 | ||
| 008 | 050920c1924 xxkmr p 0 a0eng u | ||
| 022 | _a0039-2553 | ||
| 035 | _a(Sirsi) u131002 | ||
| 041 | 0 | _aeng | |
| 110 | 2 |
_aInstitution of Structural Engineers _9441 |
|
| 245 | 0 | 0 | _aStructural Engineer |
| 260 |
_aLondon _bInstitution of Structural Engineers _c1924- |
||
| 362 | _a40(1) January 1962-67(24) 19 December 1989 | ||
| 554 | _a12 per year | ||
| 651 | 4 |
_aUnited Kingdom _y |
|
| 690 | _aBUILT ENVIRONMENT-ENGINEERING-CIVIL ENGINEERING-STRUCTURAL ENGINEERING | ||
| 942 | _n0 | ||
| 999 |
_c118839 _d118839 |
||